ბათუმის შოთა რუსთაველის სახელმწიფო უნივერსიტეტის ბიბლიოთეკა

თეორიული მექანიკის კურსი. წიგნი l : სტატიკა და კინემატიკა / (ბიბ.ჩანაწერი № 38401)

000 -ლიდერი
ფიქსირებული სიგრძის საკონტროლო ველი 01054nam a2200229Ia 4500
001 - საკონტროლო ნომერი
საკონტროლო ველი 4411
003 - საკონტროლო ნომრის იდენტიფიკატორი
საკონტროლო ველი GE_BSU
005 - ბოლო ოპერაციის თარიღი და დრო
საკონტროლო ველი 20190517204629.0
008 - ფიქსირებული სიგრძის მონაცემთა ელემენტები - ზოგადი ინფორმაცია
ფიქსირებული სიგრძის საკონტროლო ველი 181216s1990|||| |||||||||||||| ||geo||
040 ## - კატალოგიზაციის წყარო
Transcribing agency GE_BSU
041 ## - ენის კოდი
Language code of text/sound track or separate title geo
080 ## - უნივერსალური ათობითი კლასიფიკაციის ინდექსი
Universal Decimal Classification number 531(075.8)+531.2 გ–69
100 ## - მთავარი ჩანაწერი - პიროვნების სახელი
Personal name გორგიძე, ა.
9 (RLIN) 1282
245 ## - ცნობა სათაურის შესახებ
Title თეორიული მექანიკის კურსი. წიგნი l : სტატიკა და კინემატიკა /
Statement of responsibility, etc ა. გორგიძე ; რედ. ვ.გოგსაძე.
250 ## - გამოცემის ცნობა
Edition statement მეხუთე შევს. და გადამუშავებული გამოც.
264 ## - წარმოების, გამოცემის, დისტრიბუციის და სხვა ცნობები
გამოცემის, წარმოების, დისტრიბუციის... ადგილი თბილისი :.
გამოცემის, წარმოების, დისტრიბუციის... სახელწოდება განათლება,
გამოცემის, წარმოების, დისტრიბუციის... თარიღი 1990 .
300 ## - ფიზიკური აღწერა
Extent 365 გვ :.
Dimensions 21 სმ.
653 ## - INDEX TERM--UNCONTROLLED
Uncontrolled term თეორიული მექანიკა. სტატიკა, კინემატიკა.
653 ## - INDEX TERM--UNCONTROLLED
Uncontrolled term ფიზიკა
700 ## - ADDED ENTRY--PERSONAL NAME
Personal name გოგსაძე, ვ
Relator term რედაქტორი
9 (RLIN) 496
942 ## - ADDED ENTRY ELEMENTS (KOHA)
Koha item type წიგნი
Source of classification or shelving scheme
ეგზემპლარები
ჩამოწერის სტატუსი დაკარგული ეგზემპლარის სტატუსი კლასიფიკაციის წყარო ან თაროზე გაწყობის სქემა დაზიანების სტატუსი არ გაიცემა მუდმივი მდებარეობა (დაცვის ადგილი) ამჟამინდელი ადგილსამყოფელი თაროზე განთავსების ადგილი შეძენის თარიღი ღირებულება, შესყიდვის ნორმალური ფასი სრული შენახვის შიფრი შტრიხკოდი ბოლო ოპერაციის თარიღი ეგზემპლარის მიმდევრობითი ნომერი (კეტერი?) ფასის ძალაში შესვლის თარიღი ეგზემპლარის სახეობა საჯარო შენიშვნა
          ტექნოლოგიური ფაკულტეტის ბიბლიოთეკა ტექნოლოგიური ფაკულტეტის ბიბლიოთეკა წიგნსაცავი 2018-12-17 1.00 531(075.8)+531.2 გ–69 8737 2018-12-17 8737 2018-12-17 წიგნი 1 ლ.50 თ.
          ტექნოლოგიური ფაკულტეტის ბიბლიოთეკა ტექნოლოგიური ფაკულტეტის ბიბლიოთეკა წიგნსაცავი 2018-12-17 1.00 531(075.8)+531.2 გ–69 8738 2018-12-17 8738 2018-12-17 წიგნი 1 ლ.50 თ.
          ტექნოლოგიური ფაკულტეტის ბიბლიოთეკა ტექნოლოგიური ფაკულტეტის ბიბლიოთეკა წიგნსაცავი 2018-12-17 1.00 531(075.8)+531.2 გ–69 8739 2018-12-17 8739 2018-12-17 წიგნი 1 ლ.50 თ.
          ტექნოლოგიური ფაკულტეტის ბიბლიოთეკა ტექნოლოგიური ფაკულტეტის ბიბლიოთეკა წიგნსაცავი 2018-12-17 1.00 531(075.8)+531.2 გ–69 8740 2018-12-17 8740 2018-12-17 წიგნი 1 ლ. 50 თ.
          ტექნოლოგიური ფაკულტეტის ბიბლიოთეკა ტექნოლოგიური ფაკულტეტის ბიბლიოთეკა წიგნსაცავი 2018-12-17 1.00 531(075.8)+531.2 გ–69 8741 2018-12-17 8741 2018-12-17 წიგნი 1 ლ. 50 თ.
          ტექნოლოგიური ფაკულტეტის ბიბლიოთეკა ტექნოლოგიური ფაკულტეტის ბიბლიოთეკა წიგნსაცავი 2018-12-17 1.00 531(075.8)+531.2 გ–69 8742 2018-12-17 8742 2018-12-17 წიგნი 1 ლ.50 თ.
          ტექნოლოგიური ფაკულტეტის ბიბლიოთეკა ტექნოლოგიური ფაკულტეტის ბიბლიოთეკა წიგნსაცავი 2018-12-17 1.00 531(075.8)+531.2 გ–69 8743 2018-12-17 8743 2018-12-17 წიგნი 1 ლ. 50 თ.
          ტექნოლოგიური ფაკულტეტის ბიბლიოთეკა ტექნოლოგიური ფაკულტეტის ბიბლიოთეკა წიგნსაცავი 2018-12-17 1.00 531(075.8)+531.2 გ–69 8744 2018-12-17 8744 2018-12-17 წიგნი 1 ლ. 50 თ.
          ტექნოლოგიური ფაკულტეტის ბიბლიოთეკა ტექნოლოგიური ფაკულტეტის ბიბლიოთეკა წიგნსაცავი 2018-12-17 1.00 531(075.8)+531.2 გ–69 8745 2018-12-17 8745 2018-12-17 წიგნი 1 ლ. 50 თ.
          ტექნოლოგიური ფაკულტეტის ბიბლიოთეკა ტექნოლოგიური ფაკულტეტის ბიბლიოთეკა წიგნსაცავი 2018-12-17 1.00 531(075.8)+531.2 გ–69 8746 2018-12-17 8746 2018-12-17 წიგნი 1 ლ. 50 თ.